00414 a2200109 4500001001000000005001700010008004100027245012900068100002500197773006500222999001700287ART_3720520260410161646.0260409a 10aLa prescripción liberatoria de las obligaciones tributarias locales a partir del Código Civil y Comercial de la Nación1 aCaranta, Martín R.0 tConsultor tributariog- Año 9, Nº 109 (mar. 2016)wREV474 c13786d13786